000 00633nam a2200217 i 4500
001 31052
003 ES-MaACL
005 20230906154311.0
007 t|
008 030128s1965 sp ||||1| spa d
100 1 _aBelloncle, Guy.
_927268
245 1 0 _aDiario de nuestra juventud /
_cGuy Belloncle ; traductor Pedro Darnell.
250 _a1ยช ed.
260 _aBarcelona :
_bEstela,
_c[1965]
300 _a191 p. ;
_c20 cm.
490 1 _aCristianismo y tiempo ;
_v29
700 1 _aDarnell, Pedro.
_942741
830 0 _aCristianismo y tiempo ;
_v29
_9181569
852 _aES-MaACL
_jC-28152
_bR.57553
999 _c31052
_d31052